书目信息 |
| 题名: |
元曲浅说
|
|
| 作者: | 王群 著 | |
| 分册: | ||
| 出版信息: | 上海 东方出版社 2000.01 |
|
| 页数: | 295页 | |
| 开本: | 32开 | |
| 丛书名: | ||
| 单 册: | ||
| 中图分类: | I207.24 | |
| 科图分类: | ||
| 主题词: | 文学--中国 | |
| 电子资源: | ||
| ISBN: | 7-80627-506-1 | |
| 000 | 00519nam0 2200193 45 | |
| 001 | 0011201969 | |
| 005 | 20001120191401.6 | |
| 010 | @a7-80627-506-1@d15.00元 | |
| 100 | @a20001120d2000 km y0chiy0120 ea | |
| 101 | 0 | @achi |
| 105 | @a z 000yy | |
| 200 | 1 | @a元曲浅说@AYuan Qu Qian Shuo@f王群著@FWang Qun Zhu |
| 210 | @a上海@c东方出版社@d2000.01 | |
| 215 | @a295页@d32开 | |
| 606 | 0 | @a文学@x中国 |
| 690 | @aI207.24@v3 | |
| 701 | 0 | @a王群@4著 |
| 801 | @aCN@bPftUser@c20001120 | |
| 905 | @b415693-697@dI207.24@eW.870@f5 | |
| 元曲浅说/王群著.-上海:东方出版社,2000.01 |
| 295页;32开 |
| ISBN 7-80627-506-1:15.00元 |
| ● |
| 相关链接 |
|
|
|
正题名:元曲浅说
索取号:I207.24/W.870
 
预约/预借
| 序号 | 登录号 | 条形码 | 馆藏地/架位号 | 状态 | 备注 |
| 1 | 415693 | 204156938 | 社科二线400B/400B社科库 14排4列2层/ [索取号:I207.24/W.870] | 在馆 | |
| 2 | 415694 | 204156947 | 文学库108/108文学库 9排2列5层/ [索取号:I207.24/W.870] | 在馆 | |
| 3 | 415695 | 204156956 | 文学库108/108文学库 9排1列3层/ [索取号:I207.24/W.870] | 在馆 | |
| 4 | 415696 | 204156965 | 文学库108/400B社科库 24排3列5层/ [索取号:I207.24/W.870] | 在馆 | |
| 5 | 415697 | 204156974 | 文学库108/108文学库 9排2列5层/ [索取号:I207.24/W.870] | 在馆 |